Nautical Flags - Letters - Statistics

General Stats
  • This quiz has been taken 422 times
  • The average score is 6 of 10
Answer Stats
Picture Answer % Correct
F
83%
Z
78%
N
75%
A
73%
Q
68%
E
67%
M
67%
T
66%
B
65%
G
65%
I
64%
S
64%
Y
63%
C
61%
K
61%
J
60%
L
60%
D
59%
H
59%
W
56%
R
53%
V
52%
X
46%
O
44%
U
42%
P
38%
No matching quizzes found
Score Distribution
Percent of People with Each Score
Percentile by Number Answered
Your Score History
You have not taken this quiz